000 00972nam a2200277 c 4500
003 BLK
005 20241126132450.0
008 180409b bul|||||r ||||||| ||bul||
010 _aKNG00127360000
040 _aBLK
041 _aBUL
_cBUL
080 _aБългарска литература
_b821.163.2
_x-31
_z821.163.2-31
100 1 _aАнтонова, Неда Монова
_eпърви автор
_9369311
139 _aАнтонова, Неда Монова
_bА 75
245 1 0 _aПриют за щастливи
_bРоман
_cНеда Монова Антонова.
257 _aBGR
260 София
_bВоен. изд.
_c1983
300 _a239 с.
_c21 см
380 _aDX
852 _aЦб 122543
856 4 _qpdf
_u
856 4 _qpdf
_u
942 _cKNG
_n0
_013
944 _aCR
_c14.02.2012
_lМинев Младен
_k30530
944 _aED
_c08.07.2013
_l14.02.2012 - от С1,Р / 14.02.2012
_k
999 _c121728
_d121728